000 01052nam a2200265Ia 4500
003 OSt
005 20220923211524.0
006 a|||||r|||| 00| 0
007 ta
008 220922b |||||||| |||| 00| 0 hin d
020 _a9789381009000 (hbk)
_c275
024 _a263,960
037 _b145, 30/08/2012, Eastern Book Linkers
_cTextual
040 _aARTS
_cARTS
_bhin
041 _2hin
_ahin
082 _aV2y7M91, 152Q1
100 _aएडवोकेट, राकेश कुमार
_9157373
245 0 _aडॉ भीमराव अम्बेडकर
_b महान व्यक्तित्व के धनी
246 _aḌaॉ. Bhīmarāv ambeḍakara: hinān vyaktitva ke dhanī
260 _aपिलानी
_b सजना प्रकाशन
_c2011
300 _a207पृ.
_ccm.
650 _aविश्व-इतिहास
942 _hV2y7M91, 152Q1
_cTEXL
_2CC
999 _c300378
_d300378